الطب والأطباء : (Record no. 15717)
[ view plain ]
| 000 -الفاتح | |
|---|---|
| حقل البيانات ثابتة الطول | 00823nam a22001817a 4500 |
| 008 - عناصر البيانات ثابتة الطول - معلومات عامة | |
| حقل البيانات ثابتة الطول | 110721s1970 ua|||||r|||| 000 0 ara d |
| 082 ## - رقم تصنيف ديوى العشرى | |
| رقم الطبعة | 22 |
| رقم التصنيف | 610.9 |
| رقم المادة | ك ا ل |
| 100 ## - المدخل الرئيسى - إسم شخصى | |
| 9 (RLIN) | 26369 |
| الإسم الشخصى | دياب ، محمود |
| 245 ## - بيان العنوان | |
| العنوان | الطب والأطباء : |
| بقية العنوان | في مختلف العهود الإسلامية / |
| بيان المسئوليه,etc | محمود دياب |
| 260 ## - PUBLICATION, DISTRIBUTION, ETC. (IMPRINT) | |
| مكان الناشر او الموزع | القاهرة : |
| اسم الناشر او الموزع | مكتبة الأنجلو المصرية ، [1970?] |
| تاريخ النشر أو التوزيع | [1970?] |
| 300 ## - الوصف المادى | |
| التعداد | 405ص ؛ |
| أبعاد الوعاء | 25سم |
| 504 ## - تبصرة ببليوجرافية | |
| تبصرة ببليوجرافية,الخ | يشتمل على إرجاعات ببليوجرافية ص 403-405 |
| 650 ## - المدخل الاضافى بالموضوع-مصطلح موضوعى | |
| 9 (RLIN) | 21273 |
| مصطلح موضوعي أو اسم جغرافي كعنصر مدخل | الطب |
| التقسيم الفرعي العام | تاريخ |
| 650 ## - المدخل الاضافى بالموضوع-مصطلح موضوعى | |
| 9 (RLIN) | 26370 |
| مصطلح موضوعي أو اسم جغرافي كعنصر مدخل | الطب النبوي |
| التقسيم الفرعي العام | تاريخ |
| 653 ## - مصطلح تكشيفى غير مقيد | |
| Resource For college | |
| Arrived date list | July2011 |
| 942 ## - عناصر المدخل الإضافي( كوها) | |
| مصدر التصنيف او مخطط الترفيف | Dewey Decimal Classification |
| Koha [default] item type | Book - Borrowing |
| حالة التراجع | حالة الفقد | مصدر التصنيف او خطة الترفيف | حالة تلف | ليس للاعارة | مجموعات كوها | المكان الدائم | المكان الحالي | موقع الترفيف | تاريخ الاكتساب | Source of acquisition | رقم الاستدعاء | الباركود | Date last seen | نوع الوعاء |
|---|---|---|---|---|---|---|---|---|---|---|---|---|---|---|
| Dewey Decimal Classification | Baccah | Central Library | Central Library | First floor | 21/07/2011 | 610.9 ك ا ل | 000024421 | 15/07/2025 | Book - Borrowing |